Tabela Ekstraklasy Rok 2000 - Statystyki

Ogólne statystyki
  • Ten quiz został rozwiązany 51 razy
  • Średni wynik to 11 z 16
Statystyki odpowiedzi
Punkty Drużyna % Poprawnych
25 Lech Poznań
94%
52 Legia Warszawa
94%
56 Wisła Kraków
90%
65 Polonia Warszawa
85%
32 Górnik Zabrze
83%
55 Ruch Chorzów
83%
28 ŁKS Łódź
77%
34 Pogoń Szczecin
77%
44 Amica Wronki
73%
45 Zagłębie Lubin
71%
40 Widzew Łódź/Łódź Widzew
60%
37 Stomil Olsztyn
54%
34 Wisła Płock
46%
37 Odra Wodzisław Śląski
42%
37 Ruch Radzionków
38%
36 Dyskobolia Grodzisk Wielkopolski
29%
Nie znaleziono quizów pasujących do podanych kryteriów
Rozkład punktacji
Procent ludzi z każdym wynikiem
Percentyl według liczby udzielonych odpowiedzi
Twoja historia wyników
Nie rozwiązałeś tego quizu